| 000 | 01061cam a2200217K 4500 | ||
|---|---|---|---|
| 082 |
_a954.032 _bFRA |
||
| 100 | 1 |
_aPflugk-Harttung, Julius von, _950367 |
|
| 245 | 1 | 4 |
_aThe Franco-German war 1870-1871 _cby generals and other officiers who took part in the campaign; translated and edited by Major-General Sir F. Maurice, K.C.B., Wilfred J. Long & A. Sonnenschein. |
| 260 |
_aLondon, _bG. Allen & Unwin _c[1914] |
||
| 300 |
_a1 online resource (xii, 687 p.) _bfront., illus., plates, ports., maps (part. fold.) |
||
| 500 | _a"Original edition, 1899. Reprinted, 1906: 1914." | ||
| 500 | _aTranslation of part 1 of "Krieg und sieg, 1870-71", edited by Julius von Pflugk-Harttung, first published Berlin, 1895. | ||
| 526 |
_a0 _b0 _c0 _d954_032000000000000_FRA |
||
| 650 | 0 |
_aFranco-Prussian War, 1870-1871. _949384 |
|
| 650 | 0 |
_aMCE _9379 |
|
| 700 | 1 |
_aLong, Wilfred James, _950368 |
|
| 700 | 1 |
_aMaurice, John Frederick, _949380 |
|
| 700 | 1 |
_aSonnenschein, A. _950369 |
|
| 856 | 4 | 0 | _uhttp://catalog.hathitrust.org/api/volumes/oclc/55174838.html |
| 942 |
_2ddc _cBK |
||
| 999 |
_c553097 _d553097 |
||